000 00375nam a2200157Ia 4500
008 151213s9999 xx 000 0 und d
100 _aJ.M. Morrell
245 _aFour English Comedies
_cJ.M. Morrell
250 _a1st
260 _aAustralia
_bPenguijng Book
_c1951
300 _a4351 p.
650 _aEnglish
650 _aStory
700 _aJ.M. Morrell
999 _c2765
_d2765